000
00322nam a22001337a 4500
020
_a
0-435-99890-0
082
_a
158
_b
MIL/H
100
_a
MILLS, SANDRA
245
_a
HELPING PUPILS TO COPE WITH STRESS
260
_a
DELHI
_b
MADHUBAN PUBLICATIONAL BOOKS
_c
2002
300
_a
128
650
_a
PSYCHOLOGY
_z
INDIA
942
_c
BK
999
_c
5634
_d
5634